Sports Quiz

Random Sports or NBA Quiz
Score 0/131 Timer 10:00
0 Plays Today
# Of Times Player % Correct
31Michael Jordan
100%
118Wilt Chamberlain
98.3%
25Kobe Bryant
94.8%
5Jerry West
93.1%
11LeBron James
89.7%
5Stephen Curry
87.9%
5Russell Westbrook
87.9%
2Klay Thompson
87.9%
1David Thompson
87.9%
3David Robinson
86.2%
3Shaquille O'Neal
86.2%
1Clifford Robinson
86.2%
1Truck Robinson
86.2%
1Jermaine O'Neal
86.2%
4Kevin Durant
84.5%
10Kareem Abdul-Jabbar
82.8%
4Moses Malone
82.8%
4Larry Bird
82.8%
4Karl Malone
82.8%
4Carmelo Anthony
82.8%
3Dwyane Wade
81%
11Allen Iverson
79.3%
4Tracy McGrady
79.3%
2Vince Carter
79.3%
6James Harden
77.6%
1Ray Allen
74.1%
7Dominique Wilkins
72.4%
2Anthony Davis
72.4%
1Tim Duncan
72.4%
2Oscar Robertson
70.7%
17Elgin Baylor
69%
2Hakeem Olajuwon
69%
2Patrick Ewing
69%
1Paul Pierce
69%
2Dirk Nowitzki
67.2%
1Isaiah Thomas
67.2%
1Andre Miller
65.5%
1Reggie Miller
65.5%
1Tony Parker
65.5%
1Deron Williams
62.1%
1Ray Williams
62.1%
1Mo Williams
62.1%
1Freeman Williams
62.1%
6Pete Maravich
60.3%
# Of Times Player % Correct
1Chris Webber
56.9%
5George Gervin
55.2%
2Kyrie Irving
55.2%
1Kevin Love
55.2%
2Alex English
53.4%
2DeMarcus Cousins
53.4%
6Bob Pettit
51.7%
2Elvin Hayes
51.7%
1Kemba Walker
51.7%
1Kevin McHale
51.7%
1Chet Walker
51.7%
2Phil Smith
50%
1Clyde Drexler
50%
1Charles Smith
50%
14Rick Barry
48.3%
4George Mikan
48.3%
1Sam Jones
48.3%
1Devin Booker
48.3%
4Bob McAdoo
46.6%
3Damian Lillard
44.8%
3Gilbert Arenas
44.8%
8Bernard King
43.1%
1Amar'e Stoudemire
43.1%
1John Wall
41.4%
1Willis Reed
39.7%
1Rashard Lewis
39.7%
1Jim Jackson
39.7%
6Adrian Dantley
37.9%
2Jimmy Butler
37.9%
1Terrence Ross
37.9%
1Richard Hamilton
36.2%
4Tiny Archibald
34.5%
1Dale Ellis
34.5%
1Stephon Marbury
32.8%
1Glen Rice
32.8%
1Alonzo Mourning
31%
1Kevin Martin
31%
1Jerry Stackhouse
31%
2Antawn Jamison
29.3%
1Brandon Jennings
29.3%
1Corey Brewer
29.3%
1Dave Bing
29.3%
1Hal Greer
29.3%
1Dolph Schayes
27.6%
# Of Times Player % Correct
3Jamal Crawford
25.9%
2Michael Redd
25.9%
2Tom Chambers
25.9%
1Damon Stoudamire
25.9%
2Jamal Mashburn
22.4%
1Fred Brown
20.7%
1Gail Goodrich
20.7%
1Earl Monroe
20.7%
1Nick Anderson
20.7%
2Allan Houston
19%
3Richie Guerin
17.2%
2Kiki Vandeweghe
17.2%
1Lou Hudson
17.2%
1Brandon Roy
15.5%
2George Yardley
13.8%
1Neil Johnston
13.8%
1Billy Knight
13.8%
1Calvin Murphy
12.1%
1Tracy Murray
12.1%
1Michael Adams
12.1%
1Spencer Haywood
12.1%
2Jack Twyman
10.3%
1Kelly Tripucka
10.3%
1Shareef Abdur-Rahim
10.3%
1Joe Fulks
10.3%
1Terry Cummings
10.3%
1Tony Delk
8.6%
1Cliff Hagan
8.6%
1Walt Wesley
8.6%
2Geoff Petrie
6.9%
2Purvis Short
6.9%
1Dana Barros
6.9%
1Rudy LaRusso
6.9%
1John Drew
6.9%
1Cedric Ceballos
6.9%
1Phil Chenier
5.2%
1John Williamson
5.2%
1Joe Barry Carroll
5.2%
1Vernon Maxwell
3.4%
1Willie Burton
3.4%
1Mahmoud Abdul-Rauf
1.7%
1Mike Newlin
1.7%
1Larry Kenon
0%
Remove Ads.
Support Sporcle.
Get the best of Sporcle when you Go Orange. This ad-free experience offers more features, more stats, and more fun while also helping to support Sporcle. Thank you for becoming a member.

You're not logged in!

Compare scores with friends on all Sporcle quizzes.
OR
Log In

Sporcle TV

Today on Sporcle TV


Watch our educational content, quiz creation guides, and fun videos on Sporcle TV.

Show Comments

Extras

Created Nov 18, 2017ReportNominate
Tags:NBA Quiz, Ever, NBA Player, Player, point, score

Top Quizzes Today


Score Distribution

Paid Content

Your Account Isn't Verified!

In order to create a playlist on Sporcle, you need to verify the email address you used during registration. Go to your Sporcle Settings to finish the process.

Report this User

Report this user for behavior that violates our Community Guidelines.

Details: